[Event "37th ECC Open 2022"]
[Site "Mayrhofen AUT"]
[Date "2022.10.09"]
[Round "7.5"]
[Board "6"]
[White "Kobo, Ori"]
[Black "Haag, Gregor"]
[Result "1-0"]
[WhiteTitle "GM"]
[WhiteElo "2544"]
[BlackElo "2316"]
[WhiteTeam "Beer Sheva Chess Club"]
[BlackTeam "Schachgesellschaft Riehen"]
[WhiteFideId "2812320"]
[BlackFideId "24680931"]
[EventDate "2022.10.03"]

1. Nf3 Nf6 2. c4 g6 3. Nc3 Bg7 4. d4 d5 5. cxd5 Nxd5 6. e4 Nxc3 7. bxc3 c5 8.
Bb5+ Nc6 9. O-O O-O 10. Bxc6 bxc6 11. Qc2 cxd4 12. cxd4 Bg4 13. Ne5 Qxd4 14. Bb2
Qb6 15. Rab1 Bxe5 16. Bxe5 Qa5 17. Bc3 Qc5 18. h3 Be6 19. Rb7 a5 20. Qb2 Ra7 21.
Rb8 Ra8 22. Rb7 Ra7 23. Rb8 Ra8 24. Rxf8+ Rxf8 25. Rc1 Qb5 26. Qd2 Qa4 27. Qg5
f6 28. Qc5 Kf7 29. e5 f5 30. a3 Ra8 31. Bd2 Bd5 32. Bg5 Re8 33. f3 Qb5 34. Qd4
Qb3 35. Bh6 Rb8 36. e6+ Kxe6 37. Re1+ Kd7 38. Qe5 Re8 39. Bf4 Qb7 40. Re2 a4 41.
Rb2 Bb3 42. Rd2+ Bd5 43. Rd4 Qa7 44. Kh2 h6 45. Kh1 Rf8 46. Bxh6 Rf6 47. Bf4 Re6
48. Rxd5+ cxd5 49. Qxd5+ 1-0

[Event "37th ECC Open 2022"]
[Site "Mayrhofen AUT"]
[Date "2022.10.09"]
[Round "7.6"]
[Board "1"]
[White "Heberla, Bartlomiej"]
[Black "Pechac, Jergus"]
[Result "1/2-1/2"]
[WhiteTitle "GM"]
[BlackTitle "GM"]
[WhiteElo "2562"]
[BlackElo "2633"]
[WhiteTeam "Moravská Slavia Brno"]
[BlackTeam "Sentimento Ajka BSK"]
[WhiteFideId "1115120"]
[BlackFideId "14926970"]
[EventDate "2022.10.03"]

1. e4 c5 2. Nf3 d6 3. d4 cxd4 4. Nxd4 Nf6 5. Nc3 a6 6. Be2 e5 7. Nb3 Be7 8. Bg5
Be6 9. Bxf6 Bxf6 10. Qd3 Be7 11. O-O-O Nd7 12. Nd5 Bxd5 13. Qxd5 Qc7 14. Qc4 Qd8
15. Qd5 Qb6 16. Rhf1 O-O 17. Kb1 Nf6 18. Qd3 Rfd8 19. f4 Qb4 20. Qc4 Qxc4 21.
Bxc4 Rac8 22. Bd5 Nxd5 23. Rxd5 exf4 24. Rxf4 Bf6 25. Rf3 Be5 26. h3 h5 27. c3
Re8 28. Kc2 Re6 29. Nd2 Rc5 30. Rf2 g6 31. Kd3 Kg7 32. Rxc5 dxc5 33. Kc4 b6 34.
Nf3 Bf4 35. Re2 g5 36. a4 f5 37. e5 Kg6 38. Kd5 Re8 39. a5 bxa5 40. Ne1 Bg3 41.
Nd3 Rd8+ 42. Kc4 g4 43. Nxc5 gxh3 44. gxh3 f4 45. Ne6 Rd1 46. Nd4 Kf7 47. b3 Ke8
48. Re4 Rf1 49. e6 f3 50. e7 Bh2 51. Re3 f2 52. Re2 Be5 53. Nf5 Rc1 54. Rxf2
Rxc3+ 55. Kd5 Bf6 56. Re2 Rd3+ 57. Kc6 Rc3+ 58. Kd5 Rd3+ 59. Kc5 Rc3+ 60. Kb6
Rxb3+ 61. Kxa6 Rd3 62. Re6 Bxe7 63. Rxe7+ Kf8 64. Rh7 Rxh3 65. Kxa5 Kg8 66. Rh6
Kf7 67. Kb5 Rc3 68. Nd4 Kg7 69. Rxh5 Kg6 70. Rf5 Rc1 71. Rf2 Kg5 72. Nc2 Rd1 73.
Kc4 Rd8 74. Nd4 Ra8 75. Kd3 Ra3+ 76. Ke4 Ra4 77. Rf5+ Kg6 78. Rd5 Ra1 79. Rd6+
Kf7 80. Rb6 Re1+ 81. Kd5 Rd1 82. Ra6 Ke7 83. Re6+ Kf7 84. Re4 Kf6 85. Rf4+ Kg6
86. Rf2 Ra1 87. Nc6 Kg5 88. Ne5 Ra5+ 1/2-1/2

[Event "37th ECC Open 2022"]
[Site "Mayrhofen AUT"]
[Date "2022.10.09"]
[Round "7.6"]
[Board "2"]
[White "Banusz, Tamas"]
[Black "Neugebauer, Martin"]
[Result "1/2-1/2"]
[WhiteTitle "GM"]
[BlackTitle "IM"]
[WhiteElo "2622"]
[BlackElo "2517"]
[WhiteTeam "Sentimento Ajka BSK"]
[BlackTeam "Moravská Slavia Brno"]
[WhiteFideId "722413"]
[BlackFideId "14923432"]
[EventDate "2022.10.03"]

1. d4 Nf6 2. c4 e6 3. Bf4 Bb4+ 4. Nd2 O-O 5. Nf3 d5 6. e3 b6 7. a3 Be7 8. Rc1 c5
9. dxc5 bxc5 10. Bd3 Bb7 11. Qc2 Nbd7 12. O-O h6 13. h3 Qb6 14. Rfe1 Rfe8 15. b3
Bf8 16. cxd5 exd5 17. e4 c4 18. bxc4 dxe4 19. Nxe4 Bxe4 20. Bxe4 Nxe4 21. Rxe4
Bxa3 22. Rce1 Red8 23. Rb1 Qg6 24. Nh4 Qf6 25. Nf5 Bf8 26. Re3 Kh8 27. Rd1 Nc5
28. Rde1 Rd3 29. Re8 Rad8 30. Rxd8 Rxd8 31. Be5 Qg6 32. Re3 f6 33. Bd4 Qf7 34.
Bxc5 Bxc5 35. Rg3 Bf8 36. Rd3 Rc8 37. Rd4 a5 38. g3 Qe6 39. g4 1/2-1/2

[Event "37th ECC Open 2022"]
[Site "Mayrhofen AUT"]
[Date "2022.10.09"]
[Round "7.6"]
[Board "3"]
[White "Polak, Tomas"]
[Black "Michalik, Peter"]
[Result "1/2-1/2"]
[WhiteTitle "GM"]
[BlackTitle "GM"]
[WhiteElo "2502"]
[BlackElo "2558"]
[WhiteTeam "Moravská Slavia Brno"]
[BlackTeam "Sentimento Ajka BSK"]
[WhiteFideId "300560"]
[BlackFideId "14907526"]
[EventDate "2022.10.03"]

1. Nf3 d5 2. c4 d4 3. e3 c5 4. b4 dxe3 5. fxe3 cxb4 6. d4 Nf6 7. Bd3 g6 8. O-O
Bg7 9. a3 Nc6 10. axb4 Nxb4 11. Qa4+ Nc6 12. Nc3 O-O 13. Kh1 Bd7 14. Qb3 Rc8 15.
Ba3 Re8 16. Ng5 Na5 17. Qa2 h6 18. Nge4 b6 19. Nxf6+ exf6 20. e4 f5 21. exf5
Bxf5 22. Bxf5 gxf5 23. Nb5 Nxc4 24. Nxa7 Ra8 25. Qxc4 Qxd4 26. Qb5 Re5 27. Qb1
Ra5 28. Nc6 Qxa1 29. Qxa1 Bxa1 30. Nxa5 Bg7 31. Nc4 b5 32. Nd6 Rxa3 33. Nxb5 Rd3
34. g3 Be5 35. Rxf5 f6 36. Rf1 Kf7 37. Rc1 h5 38. Rc2 h4 39. gxh4 f5 40. Kg2 f4
41. Rc6 Ke7 42. h5 Rd2+ 43. Kf3 Rxh2 44. h6 Rh3+ 45. Kg2 Rg3+ 46. Kf2 Rb3 47.
Rc5 Kf6 48. Kg2 Rg3+ 49. Kf2 Rd3 50. Kg2 Rd7 51. Kf3 Kf5 52. h7 Rxh7 53. Nd4+
Kf6 54. Ne2 Ra7 55. Kg4 Ra2 56. Rc6+ Kf7 57. Ng1 Bd4 58. Nf3 Be3 59. Kf5 Ke7 60.
Rh6 Ra5+ 61. Ke4 Ra4+ 62. Kf5 Kd7 63. Rg6 Kc7 64. Rh6 Bc5 65. Ke5 Kb7 66. Rf6
Bb6 67. Kd5 Ra5+ 68. Ke4 Bc7 69. Re6 Ra3 70. Ng5 Kc8 71. Rf6 Ra4+ 72. Kf3 Ra3+
73. Ke4 Re3+ 74. Kf5 Re1 75. Ne6 f3 76. Nxc7 f2 77. Kg4 Rg1+ 78. Kh4 f1=Q 79.
Rxf1 Rxf1 80. Ne6 Kd7 81. Ng5 Rg1 82. Ne4 Rg7 83. Ng3 Ke6 84. Nh5 Rg8 85. Ng3
Ke5 86. Nh5 Rg6 87. Kh3 Kf5 88. Ng3+ Kg5 89. Ne2 Re6 90. Ng3 Re3 91. Kg2 Kg4 92.
Nh1 Re2+ 93. Nf2+ Kf4 94. Kf1 Kf3 95. Nd1 Re7 96. Nc3 Re8 97. Nd1 Re5 98. Nc3
Ke3 99. Nd1+ Kd2 100. Nf2 Rf5 101. Kg2 Ke3 102. Ng4+ Kf4 103. Nf2 Rf8 104. Nh3+
Ke3 105. Kg3 Rg8+ 106. Kh4 Ke4 107. Ng5+ Rxg5 108. Kxg5 1/2-1/2

[Event "37th ECC Open 2022"]
[Site "Mayrhofen AUT"]
[Date "2022.10.09"]
[Round "7.6"]
[Board "4"]
[White "Prohaszka, Peter2"]
[Black "Kusa, Jakub"]
[Result "1/2-1/2"]
[WhiteTitle "GM"]
[BlackTitle "FM"]
[WhiteElo "2570"]
[BlackElo "2360"]
[WhiteTeam "Sentimento Ajka BSK"]
[BlackTeam "Moravská Slavia Brno"]
[WhiteFideId "726265"]
[BlackFideId "395595"]
[EventDate "2022.10.03"]

1. d4 d5 2. Nf3 e6 3. g3 c5 4. Bg2 cxd4 5. O-O Nf6 6. Nxd4 e5 7. Nf3 Nc6 8. c4
d4 9. e3 Be7 10. exd4 exd4 11. Bf4 O-O 12. Ne5 Qb6 13. Re1 Nxe5 14. Bxe5 Rd8 15.
Nd2 Be6 16. Qb3 Bb4 17. Rad1 Rac8 18. a3 Bxd2 19. Qxb6 axb6 20. Rxd2 Rxc4 21.
Bxb7 Ng4 22. Bf4 h6 23. h4 Rd7 24. Bf3 Bf5 25. Bd1 Nf6 26. Bb3 Rc5 27. f3 Nh5
28. Re8+ Kh7 29. Be5 Nf6 30. Bxf6 gxf6 31. g4 Rc1+ 32. Kf2 Bb1 33. Ba4 Rd6 34.
Re7 Ba2 35. Rd7 Rxd7 36. Bxd7 Be6 37. Bxe6 fxe6 38. Rxd4 Rc2+ 39. Kg3 Rxb2 40.
Rd6 f5 41. Rxe6 fxg4 42. Kxg4 Rb5 43. Re4 Ra5 44. Re3 Kg6 45. Rb3 Ra4+ 46. Rb4
h5+ 47. Kf4 Rxa3 48. Rxb6+ Kg7 49. Re6 Rb3 50. Re3 Rb1 51. Kf5 Rg1 52. Re7+ Kh6
53. Re2 Rg3 54. f4 Rg4 55. Rh2 Kg7 56. Ke5 Kf7 57. Rh1 Ke7 58. f5 Kf7 59. Rh2
Ra4 60. Rb2 Rxh4 61. Rb7+ Kg8 62. Rb8+ Kf7 63. Rb7+ Kg8 64. Kf6 Ra4 65. Kg6 Rg4+
66. Kf6 Ra4 67. Rb8+ Kh7 68. Kg5 Ra6 69. Kxh5 Kg7 70. Kg5 Rg6+ 71. Kf4 Rg1 72.
Rb4 Kf6 73. Rb6+ Kf7 74. Re6 Rf1+ 75. Ke5 Re1+ 76. Kd6 Rd1+ 77. Kc6 Rf1 78. Re5
Kf6 79. Re8 Rxf5 80. Kd6 Ra5 81. Rf8+ Kg7 82. Rc8 Ra6+ 83. Kd7 Ra7+ 84. Rc7
Rxc7+ 85. Kxc7 1/2-1/2

[Event "37th ECC Open 2022"]
[Site "Mayrhofen AUT"]
[Date "2022.10.09"]
[Round "7.6"]
[Board "5"]
[White "Roubalik, Jakub"]
[Black "Korpa, Bence"]
[Result "1/2-1/2"]
[BlackTitle "GM"]
[WhiteElo "2372"]
[BlackElo "2496"]
[WhiteTeam "Moravská Slavia Brno"]
[BlackTeam "Sentimento Ajka BSK"]
[WhiteFideId "322237"]
[BlackFideId "706671"]
[EventDate "2022.10.03"]

1. d4 Nf6 2. c4 g6 3. Nc3 Bg7 4. e4 d6 5. f3 O-O 6. Bg5 a6 7. Qd2 Nc6 8. Nge2
Rb8 9. d5 Ne5 10. Ng3 c6 11. Be2 b5 12. cxb5 cxd5 13. exd5 axb5 14. O-O Nc4 15.
Bxc4 bxc4 16. Rab1 e6 17. Nge4 Nxe4 18. fxe4 f6 19. Be3 e5 20. b4 cxb3 21. Rxb3
Rxb3 22. axb3 Qa5 23. Rb1 Qb4 24. Qd3 Bd7 25. Qc4 Rb8 26. Qxb4 Rxb4 27. Kf2 f5
28. Ke2 f4 29. Bf2 g5 30. Kd3 Be8 31. Kc2 Bg6 32. Re1 Bf6 33. Kb2 Kf7 34. Ka3
Rb7 35. b4 Bd8 36. Ra1 Ke7 37. Kb3 Be8 38. Ra8 h5 39. Kc4 Rc7+ 40. Kb3 Rb7 41.
Ra6 Bd7 42. Kc4 Rc7+ 43. Bc5 Kf7 44. Rxd6 g4 45. Ra6 f3 46. gxf3 gxf3 47. Ra2
Bh3 48. d6 Rc8 49. Rf2 Bg2 50. Kd5 Bh4 51. Nd1 Bxf2 52. Nxf2 Bf1 53. Kxe5 Rg8
54. Kf4 Be2 55. Nh3 Rg4+ 56. Kf5 Ke8 57. Nf2 Rg8 58. e5 Rf8+ 59. Ke4 Bc4 60. Kd4
Rf4+ 61. Ke3 Rf5 62. Ke4 Rf7 63. Nh3 Kd7 64. Nf4 Be6 65. Kxf3 h4 66. Ke3 Rg7 67.
Kf2 Rf7 68. Kf3 Rf8 69. Ke4 Rg8 70. b5 Bc4 71. b6 Kc6 72. Bf2 Rb8 73. Kf5 h3 74.
Kg4 Bf1 75. Nxh3 Be2+ 76. Kf4 Rh8 77. Ng5 Rxh2 78. Kg3 Rh8 79. Be3 Rg8 80. Bf4
Bc4 81. Kg4 Kxb6 82. Kf5 Kc6 83. Bg3 Rxg5+ 1/2-1/2

[Event "37th ECC Open 2022"]
[Site "Mayrhofen AUT"]
[Date "2022.10.09"]
[Round "7.6"]
[Board "6"]
[White "Kaczur, Florian"]
[Black "Nemec, Jachym"]
[Result "1/2-1/2"]
[WhiteTitle "IM"]
[BlackTitle "FM"]
[WhiteElo "2483"]
[BlackElo "2345"]
[WhiteTeam "Sentimento Ajka BSK"]
[BlackTeam "Moravská Slavia Brno"]
[WhiteFideId "705098"]
[BlackFideId "23716525"]
[EventDate "2022.10.03"]

1. Nf3 d5 2. g3 Nf6 3. Bg2 g6 4. b3 Bg7 5. Bb2 O-O 6. c4 c6 7. O-O a5 8. Nc3 d4
9. Na4 Ne8 10. c5 Na6 11. d3 e5 12. Nd2 Be6 13. Nc4 Qe7 14. Qd2 Nec7 15. Nxa5
Nb5 16. b4 f5 17. Nb6 Rad8 18. Nbc4 e4 19. a3 Bd5 20. Rae1 g5 21. dxe4 fxe4 22.
Nd6 Nxd6 23. cxd6 Rxd6 24. Bxd4 Be6 25. e3 b6 26. Nxc6 Rxc6 27. Bxg7 Qxg7 28. b5
Rc5 29. bxa6 Bc4 30. Bxe4 Bxf1 31. Rxf1 Ra5 32. Qa2+ Kh8 33. Bb7 Qc3 34. Qb1 Qc7
35. Qb2+ Kg8 36. Rd1 Qf7 37. e4 Qf6 38. Qxf6 Rxf6 39. Rd7 Kh8 40. Bc8 Rf8 41.
Rc7 Rxa3 42. Bf5 Rxa6 43. Rxh7+ Kg8 44. Rb7 Rf6 45. Kg2 Kf8 46. h4 gxh4 47. gxh4
Ra5 48. Kg3 Raxf5 49. exf5 Rxf5 50. Rxb6 Kg7 51. f4 Ra5 52. Kg4 Ra1 53. h5 Rg1+
54. Kf5 Rh1 55. h6+ Kg8 56. Kg6 Rg1+ 57. Kf6 Rh1 58. Rb8+ Kh7 59. f5 Rxh6+ 60.
Kf7 Ra6 61. Re8 Ra7+ 62. Re7 Ra8 63. Rd7 Ra6 64. Re7 Ra8 65. f6 Rb8 66. Ra7 Rc8
67. Ra1 Rc7+ 68. Ke6 Rb7 69. Rd1 Kg6 70. Rg1+ Kh7 71. f7 Rb6+ 72. Ke5 Rb5+ 73.
Kd6 Rb6+ 74. Kd7 Rb7+ 75. Ke6 Rb6+ 76. Ke5 Rb5+ 77. Ke4 Rb4+ 78. Kd3 Rf4 79. Ke2
Rxf7 80. Rf1 Rxf1 81. Kxf1 1/2-1/2

[Event "37th ECC Open 2022"]
[Site "Mayrhofen AUT"]
[Date "2022.10.09"]
[Round "7.7"]
[Board "1"]
[White "Nemeth, Miklos1"]
[Black "Tabatabaei, M. Amin"]
[Result "0-1"]
[WhiteTitle "IM"]
[BlackTitle "GM"]
[WhiteElo "2459"]
[BlackElo "2657"]
[WhiteTeam "SK Dunajska Streda "]
[BlackTeam "FC Bayern München"]
[WhiteFideId "720232"]
[BlackFideId "12521213"]
[EventDate "2022.10.03"]

1. e4 c5 2. Nf3 d6 3. d4 cxd4 4. Qxd4 Nf6 5. Nc3 a6 6. e5 Nc6 7. Qa4 dxe5 8.
Nxe5 Bd7 9. Nxd7 Qxd7 10. Be3 e6 11. a3 Rc8 12. Be2 Ne5 13. Bd4 Nc4 14. O-O-O
Qxa4 15. Nxa4 Nd7 16. Rhe1 b5 17. Nc3 b4 18. Na4 bxa3 19. b3 Na5 20. Kb1 Nc6 21.
Bxa6 Rb8 22. Bc4 Nxd4 23. Rxd4 Nc5 24. Nxc5 Bxc5 25. Rf4 Ke7 26. Ka2 g5 27. Rf5
Bb4 28. Re2 h6 29. Rf3 g4 30. Rg3 h5 31. h3 Rhg8 32. c3 Bd6 33. Rd3 gxh3 34.
gxh3 Rbc8 35. Bd5 Rg1 36. Bc4 Rc1 37. Red2 Be5 38. Rd1 Rxd1 39. Rxd1 Bxc3 40.
Rd3 Bb4 41. Re3 Rd8 42. Bd3 Rd4 0-1

[Event "37th ECC Open 2022"]
[Site "Mayrhofen AUT"]
[Date "2022.10.09"]
[Round "7.7"]
[Board "2"]
[White "Huschenbeth, Niclas"]
[Black "Bokros, Albert"]
[Result "1-0"]
[WhiteTitle "GM"]
[BlackTitle "IM"]
[WhiteElo "2593"]
[BlackElo "2453"]
[WhiteTeam "FC Bayern München"]
[BlackTeam "SK Dunajska Streda "]
[WhiteFideId "24604747"]
[BlackFideId "710458"]
[EventDate "2022.10.03"]

1. e4 c5 2. Nf3 Nc6 3. Bb5 e6 4. O-O Nge7 5. Re1 a6 6. Bf1 d5 7. exd5 Nxd5 8. d4
Nf6 9. Be3 cxd4 10. Nxd4 Nxd4 11. Bxd4 Be7 12. c4 O-O 13. Nc3 Bd7 14. a3 a5 15.
Qd3 Bc6 16. Rad1 Qc8 17. Qg3 Rd8 18. Rd3 a4 19. Red1 h6 20. h3 Rd7 21. Be5 Rxd3
22. Bxd3 Nh5 23. Qe3 Nf6 24. Bc2 Qe8 25. Qg3 Rc8 26. Ne4 Bxe4 27. Bxe4 b6 28.
Rd4 Kf8 29. Bc2 Qc6 30. Bd1 Bc5 31. Bf3 Qe8 32. Rd2 Be7 33. Bc7 Bd8 34. Qd6+ Be7
35. Qxb6 Nd7 36. Qa7 Nc5 37. Rd6 Bxd6 38. Bxd6+ Kg8 39. Bxc5 Qd8 40. Be3 Rxc4
41. Qa8 1-0

[Event "37th ECC Open 2022"]
[Site "Mayrhofen AUT"]
[Date "2022.10.09"]
[Round "7.7"]
[Board "3"]
[White "Varga, Zoltan"]
[Black "Bogner, Sebastian"]
[Result "1-0"]
[WhiteTitle "GM"]
[BlackTitle "GM"]
[WhiteElo "2401"]
[BlackElo "2548"]
[WhiteTeam "SK Dunajska Streda "]
[BlackTeam "FC Bayern München"]
[WhiteFideId "700509"]
[BlackFideId "4692055"]
[EventDate "2022.10.03"]

1. e4 c5 2. Nf3 e6 3. b3 Nc6 4. Bb2 a6 5. c4 Qc7 6. g3 Nf6 7. Qe2 Be7 8. e5 Ng4
9. h3 Nh6 10. g4 O-O 11. Bg2 f5 12. exf6 Bxf6 13. Bxf6 Rxf6 14. Nc3 Rf8 15. O-O
d6 16. Qe3 Qb6 17. Ng5 Nf7 18. Nxe6 Re8 19. Bd5 Nb4 20. Rae1 Nxd5 21. cxd5 Nd8
22. Nc7 Rxe3 23. Nxa8 Qa5 24. Rxe3 h5 25. Re8+ Kh7 26. f3 b5 27. Re7 Qb4 28. Nb6
Qd4+ 29. Rf2 Bb7 30. Nd7 Qf4 31. Ne4 Kh6 32. Re8 Nf7 33. Re6+ g6 34. Rf6 1-0

[Event "37th ECC Open 2022"]
[Site "Mayrhofen AUT"]
[Date "2022.10.09"]
[Round "7.7"]
[Board "4"]
[White "Fedorovsky, Michael"]
[Black "Bagi, Mate"]
[Result "0-1"]
[WhiteTitle "IM"]
[BlackTitle "IM"]
[WhiteElo "2410"]
[BlackElo "2460"]
[WhiteTeam "FC Bayern München"]
[BlackTeam "SK Dunajska Streda "]
[WhiteFideId "14105454"]
[BlackFideId "742570"]
[EventDate "2022.10.03"]

1. d4 Nf6 2. c4 b6 3. Nc3 Bb7 4. Qc2 d5 5. cxd5 Nxd5 6. e4 Nxc3 7. bxc3 e5 8.
Nf3 exd4 9. Bc4 Nc6 10. O-O d3 11. Bxd3 Qe7 12. e5 O-O-O 13. Re1 h6 14. Be4 Kb8
15. Bb2 Qc5 16. Qb3 f6 17. exf6 gxf6 18. Nd4 Nxd4 19. cxd4 Qg5 20. Qf3 Bxe4 21.
Rxe4 Bd6 22. Re6 Rhf8 23. a4 Bb4 24. g3 Qd5 25. Qe2 h5 26. h4 Kb7 27. a5 Bxa5
28. Re7 Rf7 29. Rc1 Rd7 30. Re8 Bb4 31. Rh8 Rh7 32. Rxh7 Rxh7 33. Qc4 Qxc4 34.
Rxc4 Bd6 35. d5 f5 36. Kg2 b5 37. Rc6 a5 38. f4 Re7 39. Kf3 a4 40. Be5 Bxe5 41.
fxe5 Rxe5 42. Rc5 Kb6 43. Rc6+ Ka5 44. Rh6 a3 45. Rxh5 Re8 46. Rh7 Kb6 47. Rh6+
Kb7 48. Rc6 a2 49. Rc1 b4 0-1

[Event "37th ECC Open 2022"]
[Site "Mayrhofen AUT"]
[Date "2022.10.09"]
[Round "7.7"]
[Board "5"]
[White "Borhy, Marcell"]
[Black "Zajogin, Alexander"]
[Result "1-0"]
[WhiteTitle "IM"]
[WhiteElo "2400"]
[BlackElo "2409"]
[WhiteTeam "SK Dunajska Streda "]
[BlackTeam "FC Bayern München"]
[WhiteFideId "770787"]
[BlackFideId "13500430"]
[EventDate "2022.10.03"]

1. c4 Nf6 2. g3 e6 3. Bg2 d5 4. Nf3 d4 5. O-O Nc6 6. e3 e5 7. exd4 exd4 8. d3
Be7 9. Na3 O-O 10. Re1 Re8 11. Bf4 Bd6 12. Rxe8+ Nxe8 13. Qd2 Bb4 14. Qe2 Bf5
15. Nc2 Bf8 16. Ne5 Nxe5 17. Bxe5 Qe7 18. Re1 c5 19. Qf3 Qd7 20. Qxb7 Qxb7 21.
Bxb7 Rd8 22. Be4 Bh3 23. b4 cxb4 24. Nxd4 Nd6 25. Nc6 Rd7 26. Bd5 Nc8 27. Bd4
Nb6 28. Re8 Nxd5 29. Bc5 h6 30. Rxf8+ Kh7 31. cxd5 Rxd5 32. d4 1-0

[Event "37th ECC Open 2022"]
[Site "Mayrhofen AUT"]
[Date "2022.10.09"]
[Round "7.7"]
[Board "6"]
[White "Rafiee, Makan"]
[Black "Csonka, Attila Istvan"]
[Result "1/2-1/2"]
[WhiteTitle "FM"]
[BlackTitle "IM"]
[WhiteElo "2316"]
[BlackElo "2314"]
[WhiteTeam "FC Bayern München"]
[BlackTeam "SK Dunajska Streda "]
[WhiteFideId "24609340"]
[BlackFideId "716529"]
[EventDate "2022.10.03"]

1. e4 c5 2. Nf3 e6 3. d4 cxd4 4. Nxd4 Nc6 5. Nc3 Qc7 6. Be3 a6 7. Bd3 Nf6 8. O-O
b5 9. Nxc6 Qxc6 10. Be2 Bb7 11. Bf3 e5 12. Bg5 Bc5 13. Bxf6 Qxf6 14. Nd5 Qd6 15.
Qd2 Bxd5 16. Rfd1 Be6 17. Qxd6 Bxd6 18. Rxd6 Ke7 19. Rd2 Rhc8 20. c3 a5 21. a4
b4 22. cxb4 axb4 23. Be2 Rc5 24. f3 g6 25. Kf2 f5 26. g3 fxe4 27. fxe4 Rca5 28.
Rad1 Rxa4 29. Bb5 Ra1 30. Rxd7+ Bxd7 31. Rxd7+ Kf6 32. Bc4 Rb1 33. Rf7+ Kg5 34.
h4+ Kh6 35. b3 Ra2+ 36. Kf3 Rc1 37. Kg4 Rg1 38. Kh3 Re1 39. Re7 Ra8 40. Rxe5 Rf8
41. Re7 Re3 42. Bf7 Kg7 43. Bd5+ Kh8 44. Kg4 h6 45. Bf7 Kg7 46. Bd5+ Kf6 47.
Re6+ Kg7 48. Re7+ 1/2-1/2

[Event "37th ECC Open 2022"]
[Site "Mayrhofen AUT"]
[Date "2022.10.09"]
[Round "7.8"]
[Board "1"]
[White "Baldauf, Marco"]
[Black "Can, Emre"]
[Result "1/2-1/2"]
[WhiteTitle "GM"]
[BlackTitle "GM"]
[WhiteElo "2506"]
[BlackElo "2592"]
[WhiteTeam "Schach ohne Grenzen"]
[BlackTeam "Gokturk Satranc Spor Kulubu"]
[WhiteFideId "4688210"]
[BlackFideId "6302181"]
[EventDate "2022.10.03"]

1. d4 Nf6 2. c4 g6 3. Nc3 Bg7 4. e4 d6 5. f3 O-O 6. Nge2 c5 7. d5 e6 8. Ng3 a6
9. a4 exd5 10. cxd5 h5 11. Bg5 Nbd7 12. Be2 Qe8 13. Qd2 Nh7 14. Bh6 h4 15. Nf1
f5 16. Bxg7 Kxg7 17. exf5 gxf5 18. Ne3 Ne5 19. f4 Ng6 20. Nc4 Qe7 21. Nb6 Rb8
22. O-O Nf6 23. Rae1 Qc7 24. a5 Bd7 25. Bd3 Rbe8 26. Qc2 Ng4 27. Rxe8 Bxe8 28.
Nd1 Bb5 29. Bxb5 axb5 30. Ne3 Nxe3 31. Qc3+ Kh7 32. Qxe3 Qg7 33. Rf2 Rf7 34. Nc8
Qf8 35. Qe6 Rf6 36. Qd7+ Rf7 37. Qe6 Rf6 1/2-1/2

[Event "37th ECC Open 2022"]
[Site "Mayrhofen AUT"]
[Date "2022.10.09"]
[Round "7.8"]
[Board "2"]
[White "Sanal, Vahap"]
[Black "Berchtenbreiter, Maximilian"]
[Result "1-0"]
[WhiteTitle "GM"]
[BlackTitle "IM"]
[WhiteElo "2595"]
[BlackElo "2509"]
[WhiteTeam "Gokturk Satranc Spor Kulubu"]
[BlackTeam "Schach ohne Grenzen"]
[WhiteFideId "6300545"]
[BlackFideId "24641120"]
[EventDate "2022.10.03"]

1. e4 g6 2. d4 Bg7 3. Nf3 c6 4. c4 d5 5. cxd5 cxd5 6. e5 Bg4 7. Bb5+ Nc6 8. O-O
Rc8 9. h3 Bxf3 10. Qxf3 e6 11. Nc3 Ne7 12. Bg5 Qb6 13. Rad1 O-O 14. Bf6 Nf5 15.
Bxc6 Rxc6 16. Bxg7 Kxg7 17. Ne2 f6 18. Qf4 Qxb2 19. exf6+ Rxf6 20. Qe5 Nd6 21.
Rb1 Qxa2 22. Nf4 Kf7 23. Nd3 a5 24. Nc5 b5 25. Nd7 Rf5 26. Qh8 Ke7 27. Ne5 Rc2
28. Qxh7+ Nf7 29. Rxb5 Rc7 30. Qg7 Qa4 31. Nxg6+ Kd7 32. Rb6 Kc8 33. Qf8+ Nd8
34. Ne7+ Rxe7 35. Qxe7 Qc2 36. Rfb1 1-0

[Event "37th ECC Open 2022"]
[Site "Mayrhofen AUT"]
[Date "2022.10.09"]
[Round "7.8"]
[Board "3"]
[White "Ciolek, Andreas"]
[Black "Gokerkan, Cem Kaan"]
[Result "1/2-1/2"]
[WhiteTitle "FM"]
[BlackTitle "IM"]
[WhiteElo "2301"]
[BlackElo "2465"]
[WhiteTeam "Schach ohne Grenzen"]
[BlackTeam "Gokturk Satranc Spor Kulubu"]
[WhiteFideId "12906727"]
[BlackFideId "6336760"]
[EventDate "2022.10.03"]

1. d4 Nf6 2. Nf3 e6 3. g3 b5 4. Bg2 Bb7 5. O-O c5 6. Bg5 cxd4 7. Bxf6 Qxf6 8.
Nxd4 Bxg2 9. Kxg2 a6 10. c3 Bc5 11. Qd3 O-O 12. Nd2 d5 13. Rad1 Rd8 14. N2b3 Bb6
15. e4 Ra7 16. Rd2 Rad7 17. Rfd1 Qe5 18. exd5 Qxd5+ 19. Qf3 Qc4 20. Kg1 g6 21.
Qf6 h6 22. h4 h5 23. g4 hxg4 24. h5 gxh5 25. Qg5+ Kf8 26. Qh6+ Kg8 27. Re1 g3
28. Qg5+ Kf8 29. Qh6+ Kg8 30. Qg5+ Kf8 31. Qh6+ Kg8 1/2-1/2

[Event "37th ECC Open 2022"]
[Site "Mayrhofen AUT"]
[Date "2022.10.09"]
[Round "7.8"]
[Board "4"]
[White "Firat, Burak"]
[Black "Kruckenhauser, Arthur"]
[Result "1-0"]
[WhiteTitle "GM"]
[BlackTitle "FM"]
[WhiteElo "2455"]
[BlackElo "2327"]
[WhiteTeam "Gokturk Satranc Spor Kulubu"]
[BlackTeam "Schach ohne Grenzen"]
[WhiteFideId "6305881"]
[BlackFideId "1642812"]
[EventDate "2022.10.03"]

1. Nf3 c5 2. g3 Nc6 3. Bg2 g6 4. c4 Bg7 5. Nc3 e5 6. a3 Nge7 7. Rb1 a5 8. Qa4
O-O 9. O-O d6 10. d3 Bf5 11. Bd2 Qd7 12. Ng5 f6 13. Nge4 Bg4 14. f3 Be6 15. f4
h6 16. fxe5 dxe5 17. Nd5 Nxd5 18. Nxc5 Qe7 19. Nxe6 Nb6 20. Qb5 Qxe6 21. Qxb6
Kh7 22. Qxb7 Nd4 23. e3 Nf5 24. Qd5 Qe7 25. c5 Rad8 26. Qc4 Qd7 27. Be4 Ne7 28.
Bxa5 Rc8 29. Bc3 1-0

[Event "37th ECC Open 2022"]
[Site "Mayrhofen AUT"]
[Date "2022.10.09"]
[Round "7.8"]
[Board "5"]
[White "Meier, Alexander"]
[Black "Ozen, Deniz"]
[Result "1/2-1/2"]
[BlackTitle "IM"]
[WhiteElo "2221"]
[BlackElo "2397"]
[WhiteTeam "Schach ohne Grenzen"]
[BlackTeam "Gokturk Satranc Spor Kulubu"]
[WhiteFideId "1617214"]
[BlackFideId "6349196"]
[EventDate "2022.10.03"]

1. e4 e5 2. Nf3 Nf6 3. Nxe5 d6 4. Nxf7 Kxf7 5. Nc3 Qe8 6. d4 h6 7. Bd3 c5 8.
dxc5 dxc5 9. O-O Nc6 10. f4 c4 11. Bxc4+ Be6 12. Bd3 Bc5+ 13. Kh1 Kg8 14. e5 Ng4
15. Ne4 Rd8 16. Bd2 Qh5 17. h3 Bb6 18. Be2 Qg6 19. Bxg4 Bxg4 20. Qxg4 Qxe4 21.
Bc3 Kh7 22. Rae1 Qc4 23. e6 Rhg8 24. Qf5+ Kh8 25. Qh5 Bd4 26. Bxd4 Rxd4 27. f5
Rh4 28. Qf7 Qd5 29. Re3 Ne5 30. Qe7 Rd4 1/2-1/2